NFL: Top 3 Most Tackles in Each Draft Round (2023) - Statistics

General Stats
  • This quiz has been taken 4 times
  • The average score is 5 of 24
Answer Stats
Round # Player Tackles College % Correct
Fifth Round 160th Antonio Johnson 103 Texas A&M
50%
First Round 5th Devon Witherspoon 194 Illinois
50%
Third Round 91st Dorian Williams 175 Tulane
50%
First Round 18th Jack Campbell 274 Iowa
50%
Seventh Round 221st Jaylon Jones 144 Texas A&M
50%
Second Round 45th Brian Branch 209 Alabama
25%
Third Round 85th Daiyan Henley 202 Nevada / Washington State
25%
Sixth Round 216th Dee Winters 86 TCU
25%
First Round 24th Deonte Banks 127 Maryland
25%
Undrafted N/A Ivan Pace Jr. 211 Miami (OH) / Cincinnati
25%
Second Round 32nd Joey Porter Jr. 114 Penn State
25%
Third Round 95th Jordan Battle 162 Alabama
25%
Second Round 47th Quan Martin 162 Illinois
25%
Fourth Round 121st Ventrell Miller 84 Florida
25%
Seventh Round 232nd Carrington Valentine 83 Kentucky
0%
Fourth Round 119th Chamarri Conner 150 Virginia Tech
0%
Undrafted N/A Christian Izien 141 Rutgers
0%
Fourth Round 113th Clark Phillips II 63 Utah
0%
Sixth Round 213th Dante Stills 100 West Virginia
0%
Seventh Round 224th DeMarcco Hellams 44 Alabama
0%
Fifth Round 167th Henry To'oto'o 197 Tennessee / Alabama
0%
Fifth Round 146th Jordan Howden 101 Minnesota
0%
Sixth Round 180th Kei'Trel Clark 69 Liberty / Louisville
0%
Undrafted N/A Ronnie Hickman 102 Ohio State
0%
No matching quizzes found
Score Distribution
Percent of People with Each Score
Percentile by Number Answered
Your Score History
You have not taken this quiz